00609nam a2200181Ia 450000100060000000300090000600500170001500800410003202000150007304000130008808200230010111000490012424501310017326000770030430000110038154600070039265000280039941779PK-LaUMT20220805111653.0140424s9999 xx 000 0 und d a9698475087 cPK-LaUMT aP 297.6504PbISL-S aIslami Nazaryati Council Hakoomat-e-Pakistan aSalanah (annual) report 1999-2000 (Islami Nazaryati Council Hakoomat-e-Pakistan)cIslami Nazaryati Council Hakoomat-e-Pakistan aIslamabad,Pakistan:bIslami Nazaryati Council Hakoomat-e-Pakistan,c2000 a247 p. aUR aAnnual report 1999-2000